00446nam a2200157Ia 4500008004100000020001800041082001400059100002400073245003500097250000800132260005700140300002300197500001900220600003300239650001600272240925s9999 xx 000 0 und d a9788122437942 a512.5 BHA aBhattacharya, P. B. 0aFirst Course in Linear Algebra a2nd aNew Delhi:bNew Age International Publishersc,2015. a481p.b0fOriginal aIncludes Index aHumanities & Natural Science aMathematics